JP's EAMCET study material physics-I : (Record no. 28674)

MARC details
000 -LEADER
fixed length control field 00933nam a2200241 a 4500
005 - DATE AND TIME OF LATEST TRANSACTION
control field 20090725144516.0
008 - FIXED-LENGTH DATA ELEMENTS--GENERAL INFORMATION
fixed length control field 081126s2009 nyua 001 0 eng
010 ## - LCCN (DPL NO)
LC control number ENG-94561
020 ## - INTERNATIONAL STANDARD BOOK NUMBER
Terms of availability 325.00
International Standard Book Number 8188231096
035 ## - SYSTEM CONTROL NUMBER
System control number EN-78094
037 ## - SOURCE OF ACQUISITION
Source of stock number/acquisition DBAD / PUB
040 ## - CATALOGING SOURCE
Original cataloging agency dpl
Language of cataloging English
082 ## - DEWEY DECIMAL CLASSIFICATION NUMBER
Classification number 530
100 ## - MAIN ENTRY--PERSONAL NAME
Personal name Rao, V. Srinivasa
245 ## - TITLE STATEMENT
Title JP's EAMCET study material physics-I :
Statement of responsibility, etc by V. Srinivasa Rao
Remainder of title (1st year as per the lates syllabus-with comprehensive solutions ) /
250 ## - EDITION STATEMENT
Edition statement 5th ed.
260 ## - PUBLICATION, DISTRIBUTION, ETC. (IMPRINT)
Place of publication, distribution, etc Hyderabad
Name of publisher, distributor, etc JP Print Systems
Date of publication, distribution, etc 2008
270 ## - ADDRESS
Address 113, Nilgiri Block, Aditya Enclave, Ameerpet,
City Hyderabad
Postal code 500038
300 ## - PHYSICAL DESCRIPTION
Extent v.I (704p.)
Dimensions 30cm(pbk)
650 ## - SUBJECT ADDED ENTRY--TOPICAL TERM
Topical term or geographic name as entry element Physics
General subdivision Examinations, questions, etc.
942 ## - ADDED ENTRY ELEMENTS (KOHA)
Source of classification or shelving scheme Dewey Decimal Classification
Item type English Books
Call number suffix RAO
Classification part 530
Holdings
Withdrawn status Lost status Source of classification or shelving scheme Damaged status Not for loan Collection code Home library Current library Date acquired Source of acquisition Cost, normal purchase price Total Checkouts Full call number Barcode Date last seen Copy number Cost, replacement price Koha item type
    Dewey Decimal Classification   Not For Loan Non-fiction D.B.Act.Division D.B.Act.Division 25/07/2009 DBAD / PUB 325.00   530 RAO EN-78094 25/07/2009 1 325.00 English Books

© Delhi Public Library
Hit Counter
free hit counter